书目信息 |
| 题名: |
外国经济学词典条目选择
|
|
| 作者: | 王成稼 , 戴敏华 编 | |
| 分册: | ||
| 出版信息: | 上海 上海辞书出版社 1983 |
|
| 页数: | 202页 | |
| 开本: | 20cm | |
| 丛书名: | ||
| 单 册: | ||
| 中图分类: | F0-61 | |
| 科图分类: | ||
| 主题词: | 政治经济学 | |
| 电子资源: | ||
| ISBN: | ||
| 000 | 00617nam0 2200205 450 | |
| 001 | 0653045500 | |
| 005 | 20060810144527.76 | |
| 010 | @dCNY0.55 | |
| 100 | @a20060810d1983 km y0chiy0120 ea | |
| 101 | 0 | @achi |
| 102 | @aCN@b310000 | |
| 200 | 1 | @a外国经济学词典条目选择@Awai guo jing ji xue ci dian tiao mu xuan ze@f王成稼,戴敏华编@Fwang cheng jia,dai min hua bian |
| 210 | @a上海@c上海辞书出版社@d1983 | |
| 215 | @a202页@c表格@d20cm | |
| 606 | 0 | @a政治经济学 |
| 690 | @aF0-61@v3 | |
| 701 | 0 | @a王成稼@Awang cheng jia@4编 |
| 701 | 0 | @a戴敏华@Adai min hua@4编 |
| 801 | 0 | @aCN@bPFT@c20060810 |
| 905 | @a10447@dF0-61@e214 | |
| 外国经济学词典条目选择/王成稼,戴敏华编.-上海:上海辞书出版社,1983 |
| 202页:表格;20cm |
| ISBN :CNY0.55 |
| ● |
| 相关链接 |
|
|
|
|
正题名:外国经济学词典条目选择
索取号:F0-61/214
 
预约/预借
| 序号 | 登录号 | 条形码 | 馆藏地/架位号 | 状态 | 备注 |
| 1 | 0448450 | 204484502 | 密集书库/ [索取号:F0-61/214] | 在馆 |